| 000 | 004220000a22001690004500 | ||
|---|---|---|---|
| 003 | MACL | ||
| 005 | 20150704155915.0 | ||
| 008 | 150704b xxu||||| |||| 00| 0 eng d | ||
| 040 |
_aMACL _cMACL |
||
| 041 | _aEnglish | ||
| 100 |
_aRamanujam, P. Renga _9670 |
||
| 245 | _aQuest For Reconciliation | ||
| 260 |
_bPeople Publishing House _c1993 _aNew Delhai |
||
| 350 | _a150 | ||
| 650 |
_aSociology _919 |
||
| 942 |
_cBK _k300 _2ddc |
||
| 999 |
_c4808 _d4808 |
||